000 01292nam a22002415i 4500
001 154542
003 ES-MaACL
005 20240528154555.0
008 971219s1859 sp |||| | spa d
040 _aNA
_bspa
_cNA
100 1 _aGonzález Andrés, Raimundo.
_9127397
245 1 0 _aManual práctico de la lengua griega ó sea Coleccion de ejercicios gramaticales y de traduccion
_b: ilustrada con numerosas notas y un vocabulario : y compuesta principalmente para uso de los alumnos del primer curso de griego /
_cpor el Dr. D. Raimundo González Andrés.
260 _aMadrid :
_bImprenta Nacional,
_c1859.
300 _aXVI, 112 p. ;
_c18 cm.
650 4 _aLengua griega-
_vMétodos.
_9158122
740 0 1 _aColección de ejercicios gramaticales y de traducción.
752 _aEspaña -
_dMadrid
852 _aES-MaACL
_jFOLL-Laf-586
_9160204
_cDEPOF
_eEjemplar mútilo: Falto desde la página 81 hasta el final
_fSello en tinta en portada: "Ateneo de Madrid. Legado M. de la Fuente"
_fSello en tinta en portada: "Ateneo de Madrid. Biblioteca"
_hLegado: M. de la Fuente
_xSin encuadernar
852 _aES-MaACL
_jD-961
_zEncuadernación holandesa
_9160203
_cSVI
903 _969535
_aLafuente, Modesto,
_q1
_d1806-1866
_ednr
942 _2udc
999 _c154542
_d154542